Zrkadlo ekonomiky prvého polroka
Analýza vývoja odvetví národného hospodárstva SR za I. polrok 1997, ktorú spracoval odbor ekonomických analýz v spolupráci s odborom zahranično-obchodnej politiky MH SR. Charakteristika súčasného stavu ekonomiky Slovenskej republiky.
Gespeichert in:
| Format: | Buchkapitel |
|---|---|
| Sprache: | Slowakisch |
| Schlagworte: | |
| Tags: |
Keine Tags, Fügen Sie das erste Tag hinzu!
|
MARC
| LEADER | 00000naa a2200000 4500 | ||
|---|---|---|---|
| 001 | r030224 | ||
| 005 | 20230825080435.8 | ||
| 041 | 0 | |a slo | |
| 044 | |a SK | ||
| 245 | 1 | 0 | |a Zrkadlo ekonomiky prvého polroka |
| 520 | |a Analýza vývoja odvetví národného hospodárstva SR za I. polrok 1997, ktorú spracoval odbor ekonomických analýz v spolupráci s odborom zahranično-obchodnej politiky MH SR. Charakteristika súčasného stavu ekonomiky Slovenskej republiky. | ||
| 610 | 2 | 0 | |a ukazovatele ekonomické |
| 610 | 2 | 0 | |a produkt domáci hrubý |
| 610 | 2 | 0 | |a miera nezamestnanosti |
| 610 | 2 | 0 | |a mzdy |
| 610 | 2 | 0 | |a bilancia obchodná |
| 610 | 2 | 0 | |a výroba tovaru |
| 610 | 2 | 0 | |a výroba priemyselná |
| 610 | 2 | 0 | |a investície |
| 610 | 2 | 0 | |a investície zahraničné |
| 610 | 2 | 0 | |a výnosy |
| 610 | 2 | 0 | |a Slovensko |
| 610 | 2 | 0 | |a 1997 |